| 000 | 00849nam a2200253 i 4500 | ||
|---|---|---|---|
| 001 | 189264 | ||
| 003 | SpMaBN | ||
| 005 | 20250829025821.0 | ||
| 008 | 190503s2003 sp |||| |dspa d | ||
| 020 | _a84-7702-424-3 | ||
| 080 | _a308(410.111.11)"1902" | ||
| 100 | 1 |
_aLondon, Jack, _d1876-1916 _973218 |
|
| 245 | 1 | 3 |
_aEl pueblo del abismo / _cJack London ; traducción, José Luis Moreno-Ruiz. |
| 250 | _a1ª ed. | ||
| 260 |
_aMadrid : _bValdemar, _c2003. |
||
| 300 |
_a348 p. ; _c17 cm. |
||
| 490 | 1 |
_aEl club Diógenes ; _v193 |
|
| 651 | 4 |
_aLondres- _xSituación social. _9166965 |
|
| 700 | 1 |
_aMoreno Ruiz, José Luis. _983430 |
|
| 830 | 0 |
_aEl club Diógenes ; _v193 _9179784 |
|
| 852 |
_aES-MaACL _jA-14554 _9196402 _bR.152121 _cDEPO1 _dOlim: N-7554 _hDonación: Editorial |
||
| 942 |
_2udc _cMONOGRAFIA |
||
| 999 |
_c189264 _d189264 |
||